México: preocupación de la iglesia católica. Violan derechos de migrantes centroamericanos /

Bewaard in:
Bibliografische gegevens
Hoofdauteur: Torres, Rubén
Formaat: Texto
Tags: Voeg label toe
Geen labels, Wees de eerste die dit record labelt!

MARC

LEADER 00000 a a2200000 04500
001 1405
003
040
100 |a Torres, Rubén  
245 |a México:   |b preocupación de la iglesia católica. Violan derechos de migrantes centroamericanos /  |c Rubén Torres 
773 |g número 69; páginas 14-15  
999 |c 26390  |d 26390